000 00380pab a2200157 454500
008 180718b2011 xxu||||| |||| 00| 0 eng d
100 _aSarkar, Swagato
245 _aThe impossibility of just land acquisition
260 _c2011
300 _ap.35-38.
362 _a8 Oct
650 _aLand reform
773 _aEconomic and Political Weekly
908 _aN
909 _a94040
999 _c94040
_d94040